SURGICAL ONCOLOGY CLINICS OF NORTH AMERICA (Record no. 18403)
[ view plain ]
| 000 -LEADER | |
|---|---|
| fixed length control field | 00342nam a22001457a 4500 |
| 003 - CONTROL NUMBER IDENTIFIER | |
| control field | SGT |
| 020 ## - INTERNATIONAL STANDARD BOOK NUMBER | |
| International Standard Book Number | 978-1-4160-6360-9 |
| 082 ## - DEWEY DECIMAL CLASSIFICATION NUMBER | |
| Classification number | 616.992 |
| Item number | S08W |
| 100 ## - MAIN ENTRY--PERSONAL NAME | |
| Personal name | WANEBO, HAROLD J. |
| 245 ## - TITLE STATEMENT | |
| Title | SURGICAL ONCOLOGY CLINICS OF NORTH AMERICA |
| 260 ## - PUBLICATION, DISTRIBUTION, ETC. (IMPRINT) | |
| Place of publication, distribution, etc | PHILADELPHIA |
| Name of publisher, distributor, etc | ELSEVIER PUB |
| Year of Publication | 2008 |
| 300 ## - PAGE DESCRIPTION | |
| No. of Pages | 996 |
| 490 ## - SERIES STATEMENT | |
| Series statement | 17/4 |
| 942 ## - ADDED ENTRY ELEMENTS (KOHA) | |
| Source of classification or shelving scheme | Dewey Decimal Classification |
| Koha item type | Books |
| Withdrawn status | Lost status | Source of classification or shelving scheme | Damaged status | Not for loan | Collection code | Home library | Current library | Shelving location | Date acquired | Volume Information (Serial or Books or Non-Book Material) | SGTU | Total Checkouts | Full call number | Accession No. (Barcode) | Date last seen | Bill Date | Koha item type |
|---|---|---|---|---|---|---|---|---|---|---|---|---|---|---|---|---|---|
| Dewey Decimal Classification | Not For Loan | MEDICAL | SGT Medical Library | SGT Medical Library | Reference Book | 25/06/2019 | VOLUME -17 ISSUE- 4 | SGTU | 616.992 S08W | FM11410 | 25/06/2019 | 25/06/2019 | Books | ||||
| Dewey Decimal Classification | Not For Loan | MEDICAL | SGT Medical Library | SGT Medical Library | Reference Book | 25/06/2019 | VOLUME -17 ISSUE- 4 | SGTU | 616.992 S08W | FM11411 | 25/06/2019 | 25/06/2019 | Books |